Ανάπτυξη γεωγραφικής βάσης δεδομένων για την εγκληματικότητα
Saved in:
| Main Author: | |
|---|---|
| Corporate Author: | |
| Format: | Thesis Book |
| Language: | Greek |
| Published: |
2016.
|
| Subjects: | |
| Online Access: | http://hdl.handle.net/11610/17928 |
| Tags: |
Add Tag
No Tags, Be the first to tag this record!
|
MARC
| LEADER | 00000cam a2200000 a 4500 | ||
|---|---|---|---|
| 001 | 1/115366 | ||
| 008 | 171024s2016####gr | ||| |||| ||gre|| | ||
| 040 | |a GR-MyUa |b gre |c GR-MyUa |e AACR2 | ||
| 041 | 0 | |a gre | |
| 082 | 7 | |a 363.25 |2 (23) | |
| 100 | 1 | |a Ταράνης, Δημήτριος Σ. | |
| 245 | 1 | 0 | |a Ανάπτυξη γεωγραφικής βάσης δεδομένων για την εγκληματικότητα / |c μεταπτυχιακός φοιτητής: Δημήτριος Σ. Ταράνης ; επιβλέπων: Μιχάλης Βαΐτης. |
| 260 | |c 2016. | ||
| 300 | |a 94 σ. : |b εικ., πιν., χάρτες ; |c 30 εκ. | ||
| 500 | |a Μέλη επιτροπής: Ιωσηφίδης Θεόδωρος, Καβρουδάκης Δημήτριος. | ||
| 502 | |a Διατριβή (μεταπτυχιακή) - Πανεπιστήμιο Αιγαίου, Λέσβος, 2016. | ||
| 504 | |a Βιβλιογραφία: σ. 92-94. | ||
| 506 | 1 | |a Ηλεκτρονική διάθεση μόνο λέξεων κλειδιών - περιλήψεων. | |
| 650 | 0 | |a Crime analysis |x Data processing. | |
| 650 | 0 | |a Crime analysis |z Greece |z Mytilene (Lesbos) | |
| 650 | 0 | |a Crime analysis |z Greece |z Lesbos (Municipality) | |
| 650 | 0 | |a Geographic information systems. | |
| 650 | 0 | |a Drugs. | |
| 700 | 1 | |a Βαΐτης, Μιχάλης, |e dgs | |
| 710 | 2 | |a Πανεπιστήμιο Αιγαίου |b Σχολή Κοινωνικών Επιστημών |b Τμήμα Γεωγραφίας |b Μεταπτυχιακό Πρόγραμμα Σπουδών Γεωγραφία και Εφαρμοσμένη Γεωπληροφορική. | |
| 852 | |a INST |b LESVOS |c DIATR |e 20171024 |h 295 |p 005100059890 |q 005100059890 |t MTXE |y 23 | ||
| 856 | |u http://hdl.handle.net/11610/17928 | ||
| 924 | |a Ταράνης |b Δημήτριος Σ. |y Λέσβος |z 2016-04 | ||
| 970 | |a Πατσή |b Ανθίππη |z 24-10-2017 | ||